Normal view
MARC view
Entry Uniform Title
001 - CONTROL NUMBER
- control field: 3491
003 - CONTROL NUMBER IDENTIFIER
- control field: BD-RjUL
005 - DATE AND TIME OF LATEST TRANSACTION
- control field: 20220607123932.0
008 - FIXED-LENGTH DATA ELEMENTS
- fixed length control field: 220607|| aca||aabn | a|a d
040 ## - CATALOGING SOURCE
- Original cataloging agency: BD-RjUL
- Transcribing agency: BD-RjUL
130 ## - HEADING--UNIFORM TITLE
- Uniform title: Applied mathematical sciences (Springer-Verlag New York Inc.)
670 ## - SOURCE DATA FOUND
- Source citation: Work cat.: (BD-RjUL)79934: Zhang, Zhongqiang, author. 3486, Numerical methods for stochastic partial differential equations with white noise /